000 00764nam a2200229 u 4500
005 20210223133857.0
008 190827s1998 es r 000 0 spa d
020 _a8449305381
035 _aUPN01000232439
049 _aCG
050 4 _aBF698.9 P4.7
_bC6.6
245 0 0 _aConstructivismo en psicoterapia /
_ccomp. Robert A. Neimeyer ; tr. Angelina Aparicio.
260 _aBarcelona, Esp. :
_bPaidós,
_c1998.
300 _a411 p. :
_bil.
440 0 _aPsicología, psiquiatría, psicoterapia ;
_v157
534 _pTítulo original:
_tConstructivism in psychotherapy
650 4 _aTEORIA DE LA CONSTRUCCION PERSONAL
_910398
650 4 _aCONSTRUCTIVISMO (PSICOLOGIA)
_910399
700 1 _aNeimeyer, Robert A,
_ecomp.
905 _aLibro
999 _c204534
_d204534